000 00981nam0a22002891 4500
001 v19\rc\1410731
005 20250618104136.0
035 _a(NLR Aleph) 004539363
090 _a1983624
_c1983624
100 _a20060512d1878 |||y0rusy50 ca
101 0 _arus
102 _aRU
105 _aa j |||||
200 1 _aСтроительная механика
_eЛекции, чит. в С.-Петерб. технол. ин-те проф. Паукером
210 _aСанкт-Петербург
_cлит. Технол. ин-та
_d1878
215 _a480 с., 3 л. черт.
_cчерт.
_d28
309 _aНаписано от руки. Литогр.
700 1 _aПаукер
_bГ.Е.
_f1822-1889
_gГерман Егорович
801 0 _aRU
_bNLR
_gpsbo
801 0 _aRU
_bRuMoRGB
_2psbo
801 1 _aRU
_bProSoft-M
_2rusmarc
852 _aNLR
_j18.176.1.14
899 _aRuMoRGB
_jT 96/243
899 _aRuMoRGB
_jV 266/190
899 _aБАН
942 _cBOOK
980 _aNB